Killer lipstick and other spy gadgets / (Record no. 4990)

MARC details
000 -LEADER
fixed length control field 01066nam a22002777a 4500
001 - CONTROL NUMBER
control field 4990
003 - CONTROL NUMBER IDENTIFIER
control field FISKH
005 - DATE AND TIME OF LATEST TRANSACTION
control field 20251111080831.0
008 - FIXED-LENGTH DATA ELEMENTS--GENERAL INFORMATION
fixed length control field 241030b cb ||||| |||| 00| 0 eng d
020 ## - INTERNATIONAL STANDARD BOOK NUMBER
International Standard Book Number 9780531175361
040 ## - CATALOGING SOURCE
Original cataloging agency FISKH
Language of cataloging eng
Transcribing agency FISKH
Modifying agency FISKH
050 ## - LIBRARY OF CONGRESS CALL NUMBER
Classification number UB270.R38
082 ## - DEWEY DECIMAL CLASSIFICATION NUMBER
Classification number 327.12
100 ## - MAIN ENTRY--PERSONAL NAME
Personal name Rauf, Don
245 ## - TITLE STATEMENT
Title Killer lipstick and other spy gadgets /
Statement of responsibility, etc. by Don Rauf
260 ## - PUBLICATION, DISTRIBUTION, ETC.
Place of publication, distribution, etc. New York :
Name of publisher, distributor, etc. Scholastic ,
Date of publication, distribution, etc. 2008 .
300 ## - PHYSICAL DESCRIPTION
Extent 64 pages :
Other physical details color illustrations ;
Dimensions 24 cm .
490 ## - SERIES STATEMENT
Series statement 24/7 Spy Files, 24/7: Science Behind the Scenes (Spy Files)
505 ## - FORMATTED CONTENTS NOTE
Formatted contents note R <br/>
520 ## - SUMMARY, ETC.
Summary, etc. Know your enemy, and that's the best military strategy. The more a country knows about its enemies, the safer it is, and that's where spies come in and gather knowledge. Some spies are secret agents who work overseas, others stay home supporting agents in the field.
521 8# - TARGET AUDIENCE NOTE
Target audience note 780 <br/>
Source Lexile <br/>
521 8# - TARGET AUDIENCE NOTE
Target audience note R <br/>
Source Raz-Plus <br/>
650 ## - SUBJECT ADDED ENTRY--TOPICAL TERM
Topical term or geographic name entry element Espoinage-Equipment and supplies
Form subdivision Juvenile Literature
942 ## - ADDED ENTRY ELEMENTS (KOHA)
Source of classification or shelving scheme Dewey Decimal Classification
Koha item type Books
Suppress in OPAC No
Holdings
Withdrawn status Lost status Source of classification or shelving scheme Damaged status Not for loan Collection Home library Current library Shelving location Date acquired Total Checkouts Full call number Barcode Date last seen Date last checked out Copy number Price effective from Koha item type
    Dewey Decimal Classification     Non-Fiction Footprints International School Library Network Toul Tom Poung Campus Footprints International School Library Network Toul Tom Poung Campus TTP Primary Orange Bookshelves 10/30/2024 1 RAU 327.12 UB270.R38 FISSE00327 11/10/2025 09/30/2025 1 10/30/2024 Books
    Dewey Decimal Classification     Non-Fiction Footprints International School Library Network Toul Tom Poung Campus Footprints International School Library Network Toul Tom Poung Campus TTP Primary Orange Bookshelves 10/30/2024   RAU 327.12 UB270.R38 FISSE00331 10/30/2024   2 10/30/2024 Books
    Dewey Decimal Classification     Non-Fiction Footprints International School Library Network Toul Tom Poung Campus Footprints International School Library Network Toul Tom Poung Campus TTP Primary Orange Bookshelves 10/30/2024   RAU 327.12 UB270.R38 FISSE00334 11/11/2025   3 10/30/2024 Books
    Dewey Decimal Classification     Non-Fiction Footprints International School Library Network Toul Tom Poung Campus Footprints International School Library Network Toul Tom Poung Campus TTP Primary Orange Bookshelves 10/30/2024 1 RAU 327.12 UB270.R38 FIS04638 11/11/2025 10/31/2025 4 10/30/2024 Books